[Event "XXVIII Memorial Mistrza Blaszczaka Grupa C - MLODZICY"]
[Site "Wroclaw"]
[Date "1899-12-30"]
[Round "8.3"]
[White "Pultorak, Jan"]
[Black "Frej, Zofia"]
[Result "1-0"]
[WhiteTitle "I"]
[BlackTitle "I"]
[WhiteElo "1851"]
[BlackElo "1545"]

1. e4 c5 2. Nf3 e6 3. d4 cxd4 4. Nxd4 a6 5. Bd3 Nc6 6. Nxc6 bxc6 7. O-O d5 8. Qe2
Nf6 9. Nd2 Be7 10. e5 Nd7 11. Nb3 c5 12. c4 O-O 13. f4 Nb6 14. Be3 d4 15. Bd2
Qc7 16. Rf3 Bb7 17. Rh3 g6 18. Na5 Rab8 19. Nxb7 Qxb7 20. g4 Nd7 21. b3 Qc7 22.
Re1 Rfe8 23. f5 exf5 24. e6 Bf8 25. gxf5 Nf6 26. Qf3 Qb7 27. Qg3 fxe6 28. fxg6
Bg7 29. Bh6 Kh8 30. Bg5 Re7 31. Qh4 Rf8 32. Rf1 e5 33. Rxf6 Bxf6 34. Bxf6+ Rxf6
35. Qxf6+ Rg7 36. Rxh7+ Kg8 37. Qe6+ Kf8 38. Rh8+ Rg8 39. Rxg8+ 1-0

[Event "XXVIII Memorial Mistrza Blaszczaka Grupa C - MLODZICY"]
[Site "Wroclaw"]
[Date "1899-12-30"]
[Round "8.4"]
[White "Kawaler, Adam"]
[Black "Lipski, Lukasz"]
[Result "1-0"]
[WhiteTitle "II+"]
[BlackTitle "II+"]
[WhiteElo "1668"]
[BlackElo "1593"]

1. d4 Nf6 2. Nf3 e6 3. c4 b6 4. g3 Ba6 5. b3 Bb4+ 6. Bd2 Be7 7. Bg2 d5 8. O-O O-O
9. cxd5 exd5 10. Nc3 c5 11. Re1 Nc6 12. e3 Ne4 13. Nxe4 dxe4 14. Ne5 Nxe5 15.
dxe5 f5 16. f4 Bd3 17. Bf1 b5 18. Bxd3 Qxd3 19. Ba5 c4 20. bxc4 bxc4 21. Rc1 Rfc8
22. Rc3 Qxd1 23. Rxd1 Bd8 24. Bxd8 Rxd8 25. Rxd8+ Rxd8 26. Rxc4 Rd1+ 27. Kg2 Rd2+
28. Kh3 Rxa2 29. e6 Kf8 30. g4 g6 31. Rc7 Ra3 32. gxf5 gxf5 33. Kh4 Rxe3 34. Kg5
Rh3 35. Kxf5 e3 36. Rc2 a5 37. Ke5 Ke7 38. f5 Rf3 39. Rc7+ Kd8 40. Kd6 e2 41.
e7+ Ke8 42. Rc8+ Kf7 43. e8=Q+ Kf6 44. Qe7+ Kxf5 45. Rf8+ Kg4 46. Qxe2 1-0

[Event "XXVIII Memorial Mistrza Blaszczaka Grupa C - MLODZICY"]
[Site "Wroclaw"]
[Date "1899-12-30"]
[Round "8.5"]
[White "Mastalarz, Jozef"]
[Black "Sekowska, Helena"]
[Result "0-1"]
[WhiteTitle "II"]
[BlackTitle "II+"]
[WhiteElo "1510"]
[BlackElo "1459"]

1. Nc3 c5 2. e4 e6 3. f4 Nc6 4. Bc4 Nge7 5. a3 d5 6. Ba2 g6 7. Nf3 Bg7 8. exd5
exd5 9. O-O O-O 10. Ne2 Bf5 11. Ng3 Bg4 12. c3 Qc7 13. h3 Qxf4 14. Ne2 Bxf3 15.
Rxf3 Qd6 16. Qb3 b6 17. Nf4 Rad8 18. Qc2 Qe5 19. d3 d4 20. Bd2 dxc3 21. bxc3 Qd6
22. Raf1 Ne5 23. Re3 Nf5 24. Rxe5 Bxe5 25. Bb1 Rfe8 26. g4 Ng3 27. Rf3 Bxf4 28.
Rxf4 Ne2+ 29. Kg2 Nxf4+ 30. Kf1 Qe5 31. Qd1 Nxd3 32. Bxd3 Rxd3 33. Kg1 Qg3+ 34.
Kf1 Rf3+ 35. Qxf3 Qxf3+ 36. Kg1 Qd1+ 0-1

[Event "XXVIII Memorial Mistrza Blaszczaka Grupa C - MLODZICY"]
[Site "Wroclaw"]
[Date "1899-12-30"]
[Round "8.6"]
[White "Kosinski, Bartosz"]
[Black "Holownia, Michal"]
[Result "1-0"]
[WhiteTitle "II"]
[BlackTitle "II"]
[WhiteElo "1457"]
[BlackElo "1521"]

1. b4 e5 2. Bb2 Bxb4 3. Bxe5 Nc6 4. Bxg7 Qg5 5. Bxh8 d5 6. Nf3 Qg6 7. Bc3 Bc5 8.
e3 Bf5 9. Nh4 Qe6 10. Nxf5 Qxf5 11. d4 Bd6 12. Bd3 Qg5 13. Qf3 Nf6 14. a3 a5 15.
Nd2 O-O-O 16. Qf5+ Qxf5 17. Bxf5+ Kb8 18. O-O Rg8 19. g3 Ne7 20. Bd3 b6 21. e4
Bf4 22. e5 Nh5 23. Kh1 Bh6 24. f4 Nc6 25. Nf3 f6 26. Nh4 fxe5 27. fxe5 Nd8 28.
Bxh7 Rh8 29. Bg6 Ng7 30. Nf5 Nxf5 31. Rxf5 Be3 32. Re1 Bh6 33. Rh5 Ne6 34. Bd2
Bg7 35. Rxh8+ 1-0

[Event "XXVIII Memorial Mistrza Blaszczaka Grupa C - MLODZICY"]
[Site "Wroclaw"]
[Date "1899-12-30"]
[Round "8.7"]
[White "Czarniecka, Aleksandra"]
[Black "Wrobel, Michal"]
[Result "0-1"]
[WhiteTitle "II"]
[BlackTitle "II"]
[WhiteElo "1264"]
[BlackElo "1590"]

1. e4 e6 2. d4 d5 3. exd5 exd5 4. Bd3 Bd6 5. c3 Ne7 6. Nf3 Nbc6 7. O-O Bg4 8. Nbd2
Qd7 9. h3 Bf5 10. Bc2 O-O-O 11. b4 Bxc2 12. Qxc2 Nf5 13. a4 f6 14. b5 Nce7 15.
Qb3 g5 16. a5 c6 17. a6 b6 18. c4 c5 19. Ba3 cxd4 20. Rfc1 Bxa3 21. Qxa3 dxc4
22. Rxc4+ Kb8 23. Ne4 Qe6 24. Nfd2 Rc8 25. Qb3 Rxc4 26. Qxc4 Qxc4 27. Nxc4 Rc8
28. Ncd2 Nd5 29. Kf1 h6 30. Ke2 Nc3+ 31. Nxc3 dxc3 32. Nb3 c2 33. Rc1 Rc3 34.
Na1 Nd4+ 35. Kd2 Nxb5 36. Rxc2 Rxc2+ 37. Nxc2 Kc7 38. Kd3 Kd6 39. Ke4 Ke6 40.
Ne3 Nc7 41. Nc2 f5+ 42. Kf3 Nxa6 43. Nd4+ Kf6 44. Nc6 Nc7 45. Nxa7 b5 46. Nc6
Nd5 47. Nd4 b4 48. Nb3 Ke5 49. Kg3 Ke4 50. f3+ Kd3 51. h4 Kc3 52. Na5 b3 53. Nxb3
Kxb3 54. hxg5 hxg5 55. Kh3 Kc3 56. g3 Kd3 57. g4 f4 58. Kg2 Ke3 59. Kf1 Kxf3 60.
Kg1 Ke2 0-1

[Event "XXVIII Memorial Mistrza Blaszczaka Grupa C - MLODZICY"]
[Site "Wroclaw"]
[Date "1899-12-30"]
[Round "8.8"]
[White "Oglaza, Oskar"]
[Black "Tokarz, Krzysztof"]
[Result "0-1"]
[WhiteTitle "II"]
[BlackTitle "II"]
[WhiteElo "1534"]
[BlackElo "1465"]

1. e4 e6 2. d4 d5 3. exd5 exd5 4. c4 dxc4 5. Nc3 Bd6 6. Bxc4 Ne7 7. Nf3 Bg4 8.
h3 Bh5 9. Be3 Nd7 10. Be2 Nb6 11. Nd2 Bxe2 12. Qxe2 c6 13. Nde4 Bc7 14. O-O O-O
15. Bg5 f6 16. Be3 Ned5 17. Nxd5 Nxd5 18. Nc5 Qd6 19. g3 b6 20. Ne4 Qe6 21. Nc3
Nxe3 22. Qxe3 Qxe3 23. fxe3 Bxg3 24. Kg2 Bc7 25. Rac1 Rfe8 26. Nd1 Re6 27. d5
Rd6 28. Rxc6 Rxc6 29. dxc6 Rc8 30. Nc3 Be5 31. Nd5 Kf7 32. Nb4 a5 33. Nd3 Ke6
34. Rc1 Kd6 35. Kf3 Rxc6 36. Rxc6+ Kxc6 37. Nxe5+ fxe5 38. Ke4 Kd6 39. Kf5 Kd5
40. a4 b5 41. b3 b4 42. e4+ Kd4 43. Ke6 Kxe4 44. Kf7 Kf4 45. Kxg7 Kg3 46. Kf6
e4 47. Ke5 e3 48. Kd4 e2 49. Kc5 e1=Q 50. Kb5 Qe5+ 51. Ka6 Kxh3 0-1

[Event "XXVIII Memorial Mistrza Blaszczaka Grupa C - MLODZICY"]
[Site "Wroclaw"]
[Date "1899-12-30"]
[Round "8.10"]
[White "Mozol, Dawid"]
[Black "Kalinowska, Karolina"]
[Result "1/2-1/2"]
[WhiteTitle "II"]
[BlackTitle "I"]
[WhiteElo "1545"]
[BlackElo "1475"]

1. e4 e6 2. d4 d5 3. exd5 exd5 4. Bd3 Nc6 5. c3 Bd6 6. Be3 Nf6 7. Nd2 O-O 8. Ngf3
Re8 9. O-O Be6 10. Qc2 h6 11. Nb3 Bg4 12. Nbd2 Qd7 13. Rfe1 Rad8 14. Rac1 a6 15.
a3 Nh5 16. Bf1 Nf6 17. Bd3 Nh5 18. Bf1 Nf6 19. Bd3 Nh5 20. Bf1 1/2-1/2

[Event "XXVIII Memorial Mistrza Blaszczaka Grupa C - MLODZICY"]
[Site "Wroclaw"]
[Date "1899-12-30"]
[Round "8.12"]
[White "Korolewicz, Pawel"]
[Black "Joniak, Grzegorz"]
[Result "0-1"]
[WhiteTitle "II"]
[BlackTitle "II"]
[WhiteElo "1343"]
[BlackElo "1314"]

1. e4 e5 2. Nf3 Nc6 3. d4 exd4 4. Nxd4 Nxd4 5. Qxd4 d6 6. Bc4 Be6 7. Bxe6 fxe6
8. Nc3 Qf6 9. Qb4 O-O-O 10. Be3 d5 11. Qd4 Qxd4 12. Bxd4 c5 13. Be5 Ne7 14. O-O-O
Rg8 15. Rhe1 g6 16. Bf6 d4 17. Nb5 a6 18. Na3 b5 19. Rd3 Rd7 20. Red1 Nc6 21.
c4 b4 22. Nc2 Rf7 23. e5 Bg7 24. Rf3 Nxe5 25. Bxe5 Rxf3 26. Bxg7 Rxf2 27. Be5
Rxg2 28. Bd6 Rg5 29. Rf1 Kd7 30. Bg3 Rf5 31. Re1 Rgf8 32. Kd2 Rf1 33. Re5 R8f5
34. Re1 Rxe1 35. Nxe1 e5 36. Nd3 e4 37. Nf4 g5 38. Nd5 h5 39. h4 gxh4 40. Bxh4
Rxd5 41. cxd5 Kd6 42. b3 Kxd5 43. Bg5 c4 44. Be7 c3+ 45. Kd1 d3 46. Bxb4 Kd4 47.
Ba3 e3 48. Bc1 e2+ 49. Ke1 d2+ 50. Bxd2 cxd2+ 51. Kxd2 h4 52. Kxe2 h3 53. Kf2
Kc3 54. Kg3 Kb2 55. a4 Kxb3 56. a5 Kb4 0-1

[Event "XXVIII Memorial Mistrza Blaszczaka Grupa C - MLODZICY"]
[Site "Wroclaw"]
[Date "1899-12-30"]
[Round "9.1"]
[White "Kawaler, Adam"]
[Black "Adamczewski, Maciej"]
[Result "0-1"]
[WhiteTitle "II+"]
[BlackTitle "I"]
[WhiteElo "1668"]
[BlackElo "1824"]

1. d4 Nf6 2. Nf3 g6 3. c4 d6 4. Nc3 Bg7 5. e3 Nc6 6. Be2 O-O 7. O-O e5 8. dxe5
Nxe5 9. Nxe5 dxe5 10. e4 c6 11. Be3 Qe7 12. f3 Nd7 13. Qc2 Nc5 14. Bd3 Ne6 15.
Qf2 Nd4 16. Ne2 Rd8 17. Rad1 Be6 18. b3 Rd7 19. f4 Bg4 20. fxe5 Bxe5 21. h3 Bxe2
22. Bxe2 c5 23. Bg4 Rd6 24. Rd2 Rad8 25. Rfd1 h5 26. Bf3 b6 27. Kf1 h4 28. Qe1
Bg3 29. Bf2 Qg5 30. Be3 Bf4 31. Rd3 Nxf3 32. Rxd6 Rxd6 33. Bxf4 Qxf4 34. Rxd6
Nxe1+ 0-1

[Event "XXVIII Memorial Mistrza Blaszczaka Grupa C - MLODZICY"]
[Site "Wroclaw"]
[Date "1899-12-30"]
[Round "9.2"]
[White "Sekowska, Helena"]
[Black "Woloch, Oskar"]
[Result "0-1"]
[WhiteTitle "II+"]
[BlackTitle "II"]
[WhiteElo "1459"]
[BlackElo "1707"]

1. e4 e5 2. Nf3 f5 3. Nxe5 Qf6 4. d4 d6 5. Nf3 fxe4 6. Bg5 Qg6 7. Qe2 Be7 8. Bxe7
exf3 9. Qxf3 Nxe7 10. Bd3 Qf6 11. Qh5+ g6 12. Qe2 O-O 13. O-O Bf5 14. Bxf5 Nxf5
15. Qc4+ Qf7 16. Qb4 Nc6 17. Qxb7 Ncxd4 18. Qe4 Rae8 19. Qd3 Ne2+ 20. Kh1 Nf4
21. Qf3 Nh4 0-1

[Event "XXVIII Memorial Mistrza Blaszczaka Grupa C - MLODZICY"]
[Site "Wroclaw"]
[Date "1899-12-30"]
[Round "9.3"]
[White "Pultorak, Jan"]
[Black "Kosinski, Bartosz"]
[Result "1-0"]
[WhiteTitle "I"]
[BlackTitle "II"]
[WhiteElo "1851"]
[BlackElo "1457"]

1. b3 e5 2. Bb2 d6 3. e3 f5 4. d4 e4 5. c4 Nf6 6. Nc3 Be6 7. Qc2 Nbd7 8. Nge2 Qe7
9. Nb5 Nb6 10. d5 Bf7 11. O-O-O a6 12. Bxf6 gxf6 13. c5 axb5 14. cxb6 Rc8 15.
Nd4 Bxd5 16. Nxb5 Bc6 17. Na7 Rb8 18. Nxc6 bxc6 19. Qxc6+ Kf7 20. Qxc7 Qxc7+ 21.
bxc7 Rc8 22. Bc4+ Kg7 23. Kb2 Rxc7 24. Be6 Rc5 25. Rd5 Rxd5 26. Bxd5 Be7 27. Rc1
Kg6 28. Rc7 Re8 29. Bc6 Rh8 1-0

[Event "XXVIII Memorial Mistrza Blaszczaka Grupa C - MLODZICY"]
[Site "Wroclaw"]
[Date "1899-12-30"]
[Round "9.4"]
[White "Miszkielo, Bartosz"]
[Black "Wrobel, Michal"]
[Result "1-0"]
[WhiteTitle "II+"]
[BlackTitle "II"]
[WhiteElo "1618"]
[BlackElo "1590"]

1. e4 e6 2. d4 d5 3. exd5 exd5 4. Bd3 Bd6 5. Nc3 Ne7 6. Nge2 Nbc6 7. Be3 Nb4 8.
h3 Nxd3+ 9. Qxd3 c6 10. g4 Qc7 11. O-O-O Be6 12. f4 g6 13. Kb1 O-O-O 14. Rdf1
f5 15. g5 Kb8 16. h4 Bf7 17. Ng3 Nc8 18. Na4 b6 19. h5 Rde8 20. Rh4 Qe7 21. Bd2
Bb4 22. Bxb4 Qxb4 23. Nc3 Qe7 24. Rfh1 Qe3 25. hxg6 Qxd3 26. cxd3 Bxg6 27. Nh5
Nd6 28. Nf6 Re7 29. Kc2 Ne8 30. Rh6 Nxf6 31. Rxg6 hxg6 32. Rxh8+ Ne8 33. Rg8 Re6
34. Nb1 Kc7 35. Nd2 Kd8 36. Nf3 Re2+ 37. Kc3 Rf2 38. Ne5 Rxf4 39. Nxc6+ Kd7 40.
Ne5+ Ke7 41. Nxg6+ Kf7 42. Nxf4 Kxg8 43. Nxd5 Kg7 44. Nf4 Nd6 45. d5 Nf7 46. Ne6+
Kg6 47. Kd4 f4 48. Ke4 Nxg5+ 49. Nxg5 Kxg5 50. d6 1-0

[Event "XXVIII Memorial Mistrza Blaszczaka Grupa C - MLODZICY"]
[Site "Wroclaw"]
[Date "1899-12-30"]
[Round "9.5"]
[White "Tokarz, Krzysztof"]
[Black "Frej, Zofia"]
[Result "1-0"]
[WhiteTitle "II"]
[BlackTitle "I"]
[WhiteElo "1465"]
[BlackElo "1545"]

1. Nf3 d5 2. g3 c5 3. Bg2 Nc6 4. O-O e5 5. d3 Nf6 6. Bg5 Be7 7. Nbd2 O-O 8. Bxf6
Bxf6 9. c4 d4 10. Ne4 Be7 11. Qb3 f5 12. Ned2 Qc7 13. a3 Be6 14. Rab1 e4 15. dxe4
fxe4 16. Nxe4 Na5 17. Qc2 Bxc4 18. b4 Bb3 19. Rxb3 Nxb3 20. Qxb3+ c4 21. Qb2 Rac8
22. Nxd4 c3 23. Qc2 Qc4 24. e3 a5 25. bxa5 Bxa3 26. Ne2 Qc7 27. N4xc3 Bb4 28.
Qb3+ Kh8 29. Qxb4 Qc5 30. Qxc5 Rxc5 31. Bxb7 Rxa5 32. Rd1 Raf5 33. Ne4 R5f7 34.
Bd5 Rd7 35. Bb3 Rb7 36. Bd5 Rd7 37. N2c3 h6 38. Ra1 Kh7 39. h4 Rb8 40. Ra8 Rxa8
41. Bxa8 Ra7 42. Bd5 Ra1+ 43. Kg2 Ra7 44. Kf3 Kg6 45. g4 Ra1 46. Bg8 h5 47. Nd5
hxg4+ 48. Kxg4 Ra7 49. Ng3 Ra8 1-0

[Event "XXVIII Memorial Mistrza Blaszczaka Grupa C - MLODZICY"]
[Site "Wroclaw"]
[Date "1899-12-30"]
[Round "9.8"]
[White "Holownia, Michal"]
[Black "Mastalarz, Jozef"]
[Result "1/2-1/2"]
[WhiteTitle "II"]
[BlackTitle "II"]
[WhiteElo "1521"]
[BlackElo "1510"]

1. e4 d5 2. exd5 Nf6 3. d4 Nxd5 4. c4 Nf6 5. Nf3 c5 6. d5 e6 7. Nc3 Be7 8. Be2
O-O 9. O-O a6 10. Bf4 Bd6 11. Bg5 h6 12. Bxf6 Qxf6 13. Ne4 Qf4 14. Nxd6 Qxd6 15.
dxe6 Qxd1 16. Raxd1 Bxe6 17. Nd2 Nd7 18. b3 Nf6 19. Bf3 Rab8 20. Ne4 Nxe4 21.
Bxe4 b5 22. cxb5 axb5 23. Bd5 Bxd5 24. Rxd5 c4 25. bxc4 bxc4 26. Rc1 Ra8 27. Rd2
Rfc8 28. g3 Ra4 29. Kg2 Rca8 30. Rcc2 R8a7 31. Kf3 Ra3+ 32. Kg2 Kh7 33. h4 1/2-1/2

[Event "XXVIII Memorial Mistrza Blaszczaka Grupa C - MLODZICY"]
[Site "Wroclaw"]
[Date "1899-12-30"]
[Round "9.9"]
[White "Kraszewska, Barbara"]
[Black "Mozol, Dawid"]
[Result "0-1"]
[WhiteTitle "II"]
[BlackTitle "II"]
[WhiteElo "1269"]
[BlackElo "1545"]

1. e4 e5 2. Nf3 Nc6 3. d4 exd4 4. Nxd4 Bc5 5. Be3 Nxd4 6. Bxd4 Bxd4 7. Qxd4 Nf6
8. Bd3 O-O 9. O-O d6 10. Nc3 Nh5 11. Qe3 f5 12. exf5 Bxf5 13. Bxf5 Rxf5 14. Qe6+
Rf7 15. Qd5 Nf4 16. Qe4 d5 17. Qe5 c6 18. Ne2 Nxe2+ 19. Qxe2 Qb6 20. b3 Raf8 21.
Rad1 h6 22. Qe3 Qxe3 23. fxe3 Rxf1+ 24. Rxf1 Rxf1+ 25. Kxf1 Kf7 26. Ke2 Ke6 27.
a4 Ke5 28. Kd3 b5 29. axb5 cxb5 30. b4 g6 31. h3 h5 32. c3 g5 33. g3 g4 34. hxg4
hxg4 35. Ke2 Ke4 36. Kd2 Kf3 37. Kd3 Kxg3 38. Kd4 Kf3 39. Kxd5 Kxe3 0-1

[Event "XXVIII Memorial Mistrza Blaszczaka Grupa C - MLODZICY"]
[Site "Wroclaw"]
[Date "1899-12-30"]
[Round "9.10"]
[White "Joniak, Grzegorz"]
[Black "Oglaza, Oskar"]
[Result "1/2-1/2"]
[WhiteTitle "II"]
[BlackTitle "II"]
[WhiteElo "1314"]
[BlackElo "1534"]

1. e4 c5 2. Nf3 d6 3. d4 cxd4 4. Nxd4 Nf6 5. Nc3 a6 6. Bd3 e6 7. O-O b5 8. Kh1
Bb7 9. Qe1 Nbd7 10. f4 Nc5 11. b4 Ncd7 12. f5 e5 13. Nf3 Rc8 14. a3 Qc7 15. Nd1
Nb6 16. Nf2 Nc4 17. Nd2 Be7 18. a4 d5 19. Nb3 Qd6 20. Nc5 Qc6 21. axb5 axb5 22.
Nxb7 Qxb7 23. exd5 Qxd5 24. Bxc4 Qxc4 25. Bd2 Qxc2 26. Rc1 Qxf5 27. Rxc8+ Qxc8
28. Qxe5 Qd7 29. Qb8+ Qd8 30. Qxb5+ Kf8 31. Bg5 h6 32. Bxf6 Bxf6 33. Qa5 Qxa5
34. bxa5 Ke7 35. Ne4 Be5 36. Nc5 Rc8 37. Nb7 Ra8 38. Re1 Kf6 39. Re4 Ra7 40. Rb4
Bc7 41. Rb5 Ke6 42. a6 Kd7 43. Rf5 Kc8 44. Rxf7 Rxa6 45. g3 Kxb7 46. Rxg7 Rf6
47. Kg2 Kc6 48. Kh3 Kd6 49. Kg4 Bb6 50. Kh5 Be3 51. Rg6 Ke5 52. Rxf6 Kxf6 53.
h4 Bf2 54. Kxh6 Bxg3 55. Kh5 Bxh4 56. Kxh4 1/2-1/2

[Event "XXVIII Memorial Mistrza Blaszczaka Grupa C - MLODZICY"]
[Site "Wroclaw"]
[Date "1899-12-30"]
[Round "9.11"]
[White "Kalinowska, Karolina"]
[Black "Czarniecka, Aleksandra"]
[Result "1/2-1/2"]
[WhiteTitle "I"]
[BlackTitle "II"]
[WhiteElo "1475"]
[BlackElo "1264"]

1. e4 c5 2. Nf3 d6 3. d4 cxd4 4. Nxd4 Nf6 5. Nc3 a6 6. Bd3 e6 7. O-O Be7 8. Be3
Nbd7 9. h3 Qc7 10. Qd2 b5 11. Rad1 Bb7 12. a3 Nc5 13. f3 Rc8 14. Kh1 Nh5 15. Kg1
Nf6 16. Rf2 d5 17. exd5 Nxd5 18. Nxd5 Bxd5 19. Bf1 Bh4 20. Re2 Bc4 21. Bf4 Qb7
22. Re3 Bxf1 23. Rxf1 O-O 24. Re2 Rfd8 25. Qe3 Bf6 26. Be5 Bxe5 27. Qxe5 Rd5 28.
Qe3 Rcd8 29. c3 Nd7 30. Nc2 Nb6 31. Nb4 R5d7 32. Rff2 Nc4 33. Qf4 Qb6 34. Kh1
h6 35. a4 Qc5 36. Nxa6 Qd5 37. axb5 Qxb5 38. Nb4 Rd1+ 39. Kh2 Rb1 40. Re4 Rxb2
41. Rxb2 Nxb2 42. Rd4 Rc8 43. Qd2 Nc4 44. Rd8+ Rxd8 45. Qxd8+ Kh7 46. Qd3+ Kg8
47. Qd8+ Kh7 48. Qd3+ Kg8 49. Qe4 Nd2 50. Qd4 Nc4 51. Qd8+ Kh7 52. Qd3+ 1/2-1/2

[Event "XXVIII Memorial Mistrza Blaszczaka Grupa C - MLODZICY"]
[Site "Wroclaw"]
[Date "1899-12-30"]
[Round "9.12"]
[White "Lascar, Maria Elena"]
[Black "Korolewicz, Pawel"]
[Result "0-1"]
[WhiteTitle "II"]
[BlackTitle "II"]
[WhiteElo "1320"]
[BlackElo "1343"]

1. e4 e5 2. Nf3 Nc6 3. Bc4 Nf6 4. Ng5 d5 5. exd5 Nd4 6. d6 Qxd6 7. Nxf7 Qc6 8.
O-O Qxc4 9. Nxh8 Nxc2 10. b3 Qc6 11. Bb2 Nxa1 12. Bxa1 Bd6 13. Re1 Be6 14. Bxe5
Bxe5 15. Rxe5 O-O-O 16. Qe1 Bd5 17. Nc3 Rxh8 18. Nxd5 Nxd5 19. Qe4 Rd8 20. Qg4+
Kb8 21. h3 Qc1+ 22. Kh2 Qxd2 23. Kg1 Nb6 24. Qxg7 Qxa2 25. Re7 Rf8 26. Qxh7 Qxb3
27. g4 Qf3 28. Qh4 Nd5 29. Rd7 Nf4 30. Qg3 Ne2+ 0-1

[Event "XXVIII Memorial Mistrza Blaszczaka Grupa C - MLODZICY"]
[Site "Wroclaw"]
[Date "1899-12-30"]
[Round "9.14"]
[White "Musiala, Jakub"]
[Black "Ziemiecki, Dawid"]
[Result "1/2-1/2"]
[WhiteTitle "II"]
[BlackTitle "III"]
[WhiteElo "1390"]
[BlackElo "1236"]

1. e4 c6 2. d4 d5 3. exd5 cxd5 4. Bd3 e6 5. Nc3 Be7 6. Nf3 Nc6 7. a3 a6 8. O-O
Nf6 9. h3 Bd6 10. Re1 O-O 11. Bd2 Re8 12. Bg5 h6 13. Bxf6 Qxf6 14. Be2 b5 15.
Qd2 b4 16. axb4 Bxb4 17. Ne5 Nxe5 18. dxe5 Qg5 19. Qxg5 hxg5 20. Nxd5 exd5 21.
c3 Bf8 22. Red1 Bb7 23. Rd4 Rxe5 24. Bf1 Bc5 25. Rda4 Re6 26. b4 Be7 27. b5 Rc8
28. bxa6 Ba8 29. c4 dxc4 30. Bxc4 Rg6 31. a7 Bf6 32. R1a2 Rd8 33. Be2 Be5 34.
Kf1 Rb6 35. Bf3 Rb1+ 36. Ke2 Bxf3+ 37. Kxf3 Ra8 38. Ke2 Rb7 39. Kd3 1/2-1/2